| 000 | 00935cam a22003017a 4500 | ||
|---|---|---|---|
| 003 | CHAP | ||
| 005 | 20220329141055.0 | ||
| 008 | 971013s1961 r 00010 d | ||
| 010 | _a62213 | ||
| 011 | _a63185 | ||
| 035 | _a67361 | ||
| 040 | _cCHAP | ||
| 082 |
_a631.82 _bB6 |
||
| 100 | 0 | 0 |
_aBorys, Michal Wlodzimierz. _913960 |
| 245 | 1 | 4 | _aThe role of molybdenum in plants and soils |
| 260 |
_aRutgers, N.J. : _bThe State University. Horticultural Department, _c(1961?) |
||
| 300 | _a344 p. | ||
| 500 | _aFotocopia | ||
| 590 |
_aBATCH-UPD _b10 _c20130110 _lUCH01 _h0042 |
||
| 590 |
_aBATCH-UPD _b10 _c20130110 _lUCH01 _h2215 |
||
| 590 |
_aCONVERSION _b10 _c20130109 _lUCH01 _h1333 |
||
| 650 | 1 | 4 |
_aMolibdeno _xEfecto en plantas. _977331 |
| 650 | 1 | 4 |
_aSuelos _xMolibdeno en. _9110444 |
| 700 | 0 |
_aChilders, Norman Franklin. _922327 |
|
| 901 | _aBK | ||
| 942 | _cLIBRO | ||
| 949 |
_a631.82 B6 _bBC _cC _d33724000682621 _eC _h91849 _i67361 _sb |
||
| 999 |
_c62213 _d62213 |
||